000 00386nam a22001577a 4500
020 _a81-7130-700-0
082 _aM3
_bMAD/M
100 _aMadhavikkutty
245 _aMadhavikkuttiyude moonnu novelukal/
_cby Madhavikkutty
260 _aKottayam:
_bD C,
_c2012.
300 _a80p.
650 _aNovel Malayalam
650 _aLiterature Malayalam
650 _aLiterature
942 _cBK
999 _c52717
_d52717